United Republic of Tanzania : Poverty Reduction Strategy Paper; Annual Implementation Report; Joint Staff Advisory Note.

A sound fiscal stance has been the bedrock for Tanzania's macroeconomic stability in recent years. Impressive increases in government revenues, together with substantial donor support, allowed for strong increases in government spending, without excessive recourse to domestic borrowing that cou...

Ful tanımlama

Detaylı Bibliyografya
Müşterek Yazar: International Monetary Fund
Materyal Türü: Dergi
Dil:English
Baskı/Yayın Bilgisi: Washington, D.C. : International Monetary Fund, 2008.
Seri Bilgileri:IMF Staff Country Reports; Country Report ; No. 2008/010
Online Erişim:Full text available on IMF
LEADER 01688cas a2200241 a 4500
001 AALejournalIMF009761
008 230101c9999 xx r poo 0 0eng d
020 |c 5.00 USD 
020 |z 9781451838534 
022 |a 1934-7685 
040 |a BD-DhAAL  |c BD-DhAAL 
110 2 |a International Monetary Fund. 
245 1 0 |a United Republic of Tanzania :   |b Poverty Reduction Strategy Paper; Annual Implementation Report; Joint Staff Advisory Note. 
264 1 |a Washington, D.C. :  |b International Monetary Fund,  |c 2008. 
300 |a 1 online resource (9 pages) 
490 1 |a IMF Staff Country Reports 
500 |a <strong>Off-Campus Access:</strong> No User ID or Password Required 
500 |a <strong>On-Campus Access:</strong> No User ID or Password Required 
506 |a Electronic access restricted to authorized BRAC University faculty, staff and students 
520 3 |a A sound fiscal stance has been the bedrock for Tanzania's macroeconomic stability in recent years. Impressive increases in government revenues, together with substantial donor support, allowed for strong increases in government spending, without excessive recourse to domestic borrowing that could create pressures on monetary policy or crowd out private sector borrowing. To ensure a smooth implementation of the budget, further work is required to strengthen cash management. In addition, local government budget planning and execution remains weak and needs to be strengthened. 
538 |a Mode of access: Internet 
830 0 |a IMF Staff Country Reports; Country Report ;  |v No. 2008/010 
856 4 0 |z Full text available on IMF  |u http://elibrary.imf.org/view/journals/002/2008/010/002.2008.issue-010-en.xml  |z IMF e-Library